Music Quiz

Random Music or Lyrics Quiz

Don't Forget the Song Quiz Stats

 Plays Quiz Updated Apr 7, 2013

Challenge
Share
Tweet
Embed
Score 0/50 Timer 08:00
4 Plays Today
% Correct
Stop Believin'
79.8%
Impress Me Much
75.4%
Cry
71.6%
Want to Miss a Thing
67.5%
Stand So Close to Me
65.4%
Worry, Be Happy
62.8%
Fear the Reaper
62.3%
Stop 'Til You Get Enough
61.5%
Speak
61.3%
Be Cruel
60.2%
Let the Sun Go Down on Me
57.4%
Lose That Number
56.2%
You Forget About Me
54.4%
Bring Me Flowers
53.7%
Dance
53.1%
Cha
51.4%
You Want Me
48.2%
Phunk With My Heart
45.1%
Look Back in Anger
40.9%
Like Mondays
39.9%
Mess Around with Jim
39.7%
It Make My Brown Eyes Blue
39.1%
Go
38.6%
Come Around Here No More
38.6%
Bring Me Down
37.9%
% Correct
Need Another Hero
37%
Stop the Music
35.9%
Stop
35.7%
Dream It's Over
34.9%
Have to Take Our Clothes Off
33.8%
Care Anymore
31.5%
Love You Like I Love You
29.7%
Let Me Be Misunderstood
26.7%
Let Me Down
24.2%
Ask Me Why
24%
Matter 2 Night
23.6%
Get Me Wrong
23.3%
Give Up
20.6%
Wanna Live Without Your Love
19.6%
Want to Go to Chelsea
19.1%
You Worry 'Bout a Thing
17.3%
Drink the Water
16.3%
Go Back to Rockville
15.7%
Panic
15.6%
Pay the Ferryman
15.2%
Tell Me
10.2%
Forget About Us
9.8%
Let's Start
7.9%
Need a Hero
7.2%
Box Me In
5.6%

You're not logged in!

Compare scores with friends on all Sporcle quizzes.
OR
Log In

You Might Also Like...

Show Comments

Extras

Top Quizzes Today


Score Distribution

Your Account Isn't Verified!

In order to create a playlist on Sporcle, you need to verify the email address you used during registration. Go to your Sporcle Settings to finish the process.

Report this User

Report this user for behavior that violates our Community Guidelines.

Details: